| 000 | 01271cad a22002415a 4500 | ||
|---|---|---|---|
| 001 | L149207 | ||
| 008 | 100203s2010 xxkad f s 000 0 eng d | ||
| 035 | _a(Sirsi) u149207 | ||
| 041 | 0 | _aeng | |
| 050 | 0 | 4 | _a333.33 $2 18 |
| 110 | 2 |
_aInvestment Property Databank _92288 |
|
| 245 | 0 | 0 |
_aIPD UK monthly property index _bend December 2009 _h[electronic resource] |
| 260 |
_aLondon _bIPD _c2010 |
||
| 490 | 0 |
_aIPD UK Monthly Property Index _vDecember 2009 |
|
| 520 | _aDecember 2009 delivered the largest monthly capital growth in the UK Monthly Property Index?s 23-year history, at 3.0%, beating the 2.9% delivered exactly 16 years earlier in December 1993 at the end of the last major property recession. The fifth-consecutive monthly gain, which amounted to a compounded growth of 8.8%, was sufficient to lift returns on UK commercial property into positive territory for the calendar year. | ||
| 521 | _aAdvanced | ||
| 590 | _aKA NTK | ||
| 650 | 2 | 4 | _aIPD UK MONTHLY PROPERTY INDEX |
| 651 | 4 |
_aUnited Kingdom _y |
|
| 690 | _aPROPERTY-COMMERCIAL PROPERTY-COMMERCIAL PROPERTY MARKET | ||
| 856 | 4 | 0 |
_uhttps://www.ipd.com/OurProducts/Indices/UnitedKingdom/UKMonthly/tabid/921/Default.aspx _zView this report free of charge under indices at www.ipd.com... |
| 942 | _n0 | ||
| 999 |
_c110413 _d110413 |
||